| 000 | 02121nam a2200277 a 4500 | ||
|---|---|---|---|
| 001 | 000046842 | ||
| 003 | DO-SdBNP | ||
| 005 | 20260429134739.0 | ||
| 007 | ta | ||
| 008 | 180402s2016 dr a 000 0 spa d | ||
| 020 | _a9789945492705 | ||
| 040 |
_aDO-SdBNP _bspa _cBNPHU _erda |
||
| 041 | _aspa | ||
| 082 | 4 |
_a0 _b0 _222 |
|
| 245 | 0 | 3 |
_aLa tristeza sin fin de ser poeta : _bMemoria del Seminario Internacional Centenario de Julia de Burgos en Santo Domingo / _ceditora, Chiqui Vicioso |
| 260 |
_aSanto Domingo : _bMinisterio de Cultura, Editora Nacional, _c2016. |
||
| 300 |
_a278 páginas : _bilustraciones ; _c26 cm. |
||
| 336 |
_atexto _btxt _2rdacontent |
||
| 337 |
_asin mediación _bn _2rdamedia |
||
| 338 |
_avolumen\ _bnc _2rdacarrier |
||
| 500 | _aIncluye referencias bibliográficas y notas al pie de las páginas | ||
| 505 | 0 |
_aPresentación / Chiqui Vicioso -- _tJulia de Burgos: la nuestra / Chiqui Vicioso -- _tEntrevista con el Sr. Juan Isidro Jiménes Grullón -- _tEntrevista con don Juan Bosch sobre Julia de Burgos -- _tJulia de Burgos: escritora mediática y política / Carmen Centeno Anese -- _tLos sonidos del alma y el mar de Julia de Burgos y Silvia Rexach / Alinaluz Santiago Indomable alma Juliana: _tEvolución de un enigma fluido / José Manuel Sánchez-Darro -- _tJulia de Burgos en Cuba. Cuba en Julia de Burgos / Yolanda Ricardo -- _tPongamos en su sitio a Julia de Burgos / Áurea María Sotomayor -- _tJulia de Burgos en Nueva York: miradas de vida / Vivian Auffant Vázquez -- _tJulia de Burgos: Ciudadana caribeña y hermana en la diáspora / Daisy Cocco de Filippis -- _tLa construcción de la subjetividad en las cartas de Julia de Burgos a su hermana Consuelo / Grisselle Merced Hernández -- _tJulia de Burgos: sin puerto abierto / Ivette López Jiménez -- _tCentenario Julia de Burgos "Indomable Alma Juliana: Evolución de un enigma en el color en los versos de Julia de Burgos / José Manuel Sánchez-Darro -- _tHermanadas sigilosas / José Manuel Sánchez-Darro. |
|
| 590 | _aInventariado, 2018 /LP | ||
| 700 | 1 |
_aVicioso, Sherezada, _d1948- _eeditor _919504 _4ed. |
|
| 942 |
_2ddc _cLBS1 |
||
| 999 |
_c46331 _d46331 |
||